00356nam a2200109Ia 4500008004100000082000800041100002100049245005800070942000600128952009700134999001500231240331s9999 xx 000 0 und d bTHI aThiruchandran, S 4aThe ideological factor in the subordination of women  cL 001040708LaWERCLbWERCLcSSCd2024-03-31l0o 305.4 THIp1705r2024-03-31w2024-03-31yL c1881d1881